Agro-ecosystem analysis at osaray commune, tramk ork district, takeo province (ការវិភាគប្រពន្ធ័ក្សេត្របរិស្ថាននៅឃុំអូរសារាយស្រុកត្រាំកក់ខេត្តតាកែវ) (Record no. 1454)

000 -LEADER
fixed length control field 00638nam a22001337a 4500
040 ## - CATALOGING SOURCE
Transcribing agency RUA
082 ## - DEWEY DECIMAL CLASSIFICATION NUMBER
Classification number AGR SAV 2011 B047 Or.1
100 ## - MAIN ENTRY--AUTHOR NAME
Personal name SAVOEURN, CHENNA.
245 ## - TITLE STATEMENT
Title Agro-ecosystem analysis at osaray commune, tramk ork district, takeo province (ការវិភាគប្រពន្ធ័ក្សេត្របរិស្ថាននៅឃុំអូរសារាយស្រុកត្រាំកក់ខេត្តតាកែវ)
260 ## - PUBLICATION, DISTRIBUTION, ETC. (IMPRINT)
Place of publication Phnom Penh
Name of publisher RUA
Year of publication 2011
300 ## - PHYSICAL DESCRIPTION
Number of Pages ix.44p.
Other physical details ill.
Dimensions 29cm.
856 ## - ELECTRONIC LOCATION AND ACCESS
Uniform Resource Identifier https://drive.google.com/file/d/1wS2PN-eAlbVn4_p0I7dtlueAxzYG6EIo/view?usp=sharing
942 ## - ADDED ENTRY ELEMENTS (KOHA)
Koha item type AGR
952 ## - LOCATION AND ITEM INFORMATION (KOHA)
Withdrawn status [LOCAL, KOHA] 0
952 ## - LOCATION AND ITEM INFORMATION (KOHA)
Withdrawn status [LOCAL, KOHA] 0
952 ## - LOCATION AND ITEM INFORMATION (KOHA)
Withdrawn status [LOCAL, KOHA] 0
952 ## - LOCATION AND ITEM INFORMATION (KOHA)
Withdrawn status [LOCAL, KOHA] 0
952 ## - LOCATION AND ITEM INFORMATION (KOHA)
Withdrawn status [LOCAL, KOHA] 0
952 ## - LOCATION AND ITEM INFORMATION (KOHA)
Withdrawn status [LOCAL, KOHA] 0
Holdings
Permanent Location Date acquired Koha item type Lost status Shelving location Barcode Current Location Full call number
Library Block B2015-09-29AGR B047RUA000493Library Block BAGR SAV 2011 B047 Or.1
Library Block B2015-09-29AGR B047RUA000691Library Block BAGR SAV 2011 B047 Or.2
Library Block B2015-09-29AGR B047RUA000382Library Block BAGR SAV 2011 B047 Or.3
Library Block B2015-09-29AGR B047RUA000310Library Block BAGR SAV 2011 B047 Or.4
Library Block B2015-09-29AGR B047RUA000238Library Block BAGR SAV 2011 B047 Or.5
Library Block B2016-01-26AGR B047RUA043506Library Block BAGR SAV 2011 B047 Or.6
មជ្ឈមណ្ឌលឯការនៃសាកលវិទ្យាល័យភូមិន្ទកសិកម្មចំការដូង

Powered by Koha